00593 2200217 4500001002100000005001500021035002000036007000300056008004100059020002200100082001000122084001600132100002300148245007400171250001100245260004500256300003400301650001600335990001200351990001200363INLIS00000000000192920180430091407 a0010-0418000086ta180430 g 0 ind  a978-979-22-5964-3 a155.2 a155.2 IRM d0 aIRMANSYAH, Effendi1 aDiri Sejati :bDi Balik Tubuh yang Sementara Ini /cIrmansyah Effendi acet. 4 aJakarta :bGramedia Pustaka Utama,c2016 axvi, 169 hlm :bilus ;c20 cm aKEPRIBADIAN a16354 a a16354 b